100 Best Footballers 2017 - Statistics

General Stats
  • This quiz has been taken 3,213 times
    3,197 since last reset
  • The average score is 60 of 100
Answer Stats
Club Nation Answer % Correct
2 Barcelona Argentina Messi
100%
1 Real Madrid Portugal Ronaldo
100%
4 Barcelona Brazil Neymar
99%
7 Real Madrid Wales Bale
98%
6 Real Madrid Croatia Modric
98%
3 Barcelona Uruguay Suarez
98%
5 Manchester City Argentina Aguero
95%
9 Chelsea Belgium Hazard
94%
11 Bayern Munich Poland Lewandowski
93%
13 Real Madrid Germany Kroos
91%
10 Atletico Madrid France Griezmann
90%
8 Bayern Munich Germany Neuer
89%
14 Manchester City Belgium De Bruyne
88%
17 Manchester United France Pogba
86%
18 Real Madrid Spain Ramos
86%
20 Manchester United Sweden Ibrahimovic
85%
15 Arsenal Germany Ozil
85%
12 Manchester United Spain De Gea
84%
35 Bayern Munich Germany Muller
84%
21 Arsenal Chile Sanchez
84%
16 Barcelona Spain Iniesta
83%
36 PSG Uruguay Cavani
80%
25 Juventus Argentina Dybala
80%
22 Borussia Dortmund Germany Reus
78%
30 PSG Argentina Di Maria
77%
33 Bayern Munich Netherlands Robben
77%
31 Real Madrid Colombia Rodriguez
77%
26 Barcelona Croatia Rakitic
76%
34 Real Madrid France Benzema
75%
61 Tottenham England Kane
75%
50 Manchester City Spain David Silva
74%
27 Bayern Munich Chile Vidal
74%
37 Borussia Dortmund Gabon Aubameyang
73%
19 Juventus Argentina Higuain
73%
44 Barcelona Spain Pique
72%
29 Tottenham France Lloris
71%
81 Everton Belgium Lukaku
70%
47 Bayern Munich Austria Alaba
69%
41 Juventus Italy Buffon
69%
42 Juventus Italy Chiellini
67%
38 Atletic Madrid Uruguay Godin
66%
23 Bayern Munich Germany Boateng
65%
39 Chelsea Belgium Courtois
65%
53 Juventus Italy Bonucci
64%
32 Chelsea Spain Diego Costa
64%
73 Bayern Munich Brazil Douglas Costa
64%
78 Liverpool Senegal Mane
63%
40 Real Madrid Portugal Pepe
63%
54 Bayern Munich France Ribery
63%
45 Chelsea France Kante
62%
64 Tottenham Denmark Eriksen
61%
28 Bayern Munich Germany Hummels
61%
52 Barcelona Spain Busquets
60%
56 Bayern Munich Spain Thiago
60%
43 Bayern Munich Germany Lahm
58%
80 Real Madrid Brazil Marcelo
58%
86 Leicester Algeria Mahrez
57%
55 Liverpool Brazil Coutinho
55%
63 Barcelona Spain Alba
54%
68 Arsenal Czech Republic Cech
53%
70 Atletico Madrid Slovenia Oblak
53%
67 Napoli Slovakia Hamsik
51%
51 Real Madrid Spain Isco
51%
83 Real Madrid Spain Carvajal
48%
77 Juventus Bosnia and Herzegovina Pjanic
48%
48 Borussia Dortmund Greece Sokratis
47%
46 Tottenham Belgium Dembele
46%
84 Chelsea Spain Fabregas
45%
24 Roma Belgium Nainggolan
45%
57 Manchester United Armenia Mkhitaryan
44%
65 Tottenham Belgium Alderweireld
43%
66 Lyon France Lacazette
43%
95 Napoli Belgium Mertens
41%
87 Tottenham England Alli
40%
82 Chelsea Spain Azpilicueta
40%
94 Juventus Brazil Dani Alves
40%
88 Atletico Madrid Spain Koke
39%
71 PSG Germany Draxler
38%
76 Inter Slovenia Handanovic
38%
72 Shanghai SIPG Brazil Hulk
38%
79 Inter Argentina Icardi
38%
69 Atletico Madrid Belgium Carrasco
36%
75 Inter Croatia Perisic
36%
92 Manchester City Germany Gundogan
34%
96 Bayern Munich Spain Martinez
34%
91 Manchester United England Rooney
34%
74 PSG Italy Verrati
34%
62 Arsenal Spain Cazorla
31%
90 Marseille France Payet
31%
85 Real Madrid Spain Asensio
30%
60 Juventus Italy Barzagli
30%
59 Juventus Italy Marchisio
30%
49 PSG Brazil Thiago Silva
30%
97 Swansea Iceland Sigurdsson
29%
98 Atletico Madrid Spain Saul
23%
93 PSG Argentina Pastore
22%
89 PSG France Matuidi
21%
58 Liverpool England Lallana
18%
100 Leverkusen Slovenia Kampl
11%
99 Ateltico Madrid Argentina Gaitan
6%
No matching quizzes found
Score Distribution
Percent of People with Each Score
Percentile by Number Answered
Your Score History
You have not taken this quiz since the last reset